[Event "U20 Polish Youth Championship"]
[Site "Ustron"]
[Date "2019.11.28"]
[Round "7"]
[White "Kalkowski, Igor"]
[Black "Wisniewski, Michal"]
[Result "0-1"]
[Board "15"]
[WhiteElo "1965"]
[WhiteCountry "POL"]
[WhiteFideId "21833966"]
[WhiteEloChange "-5"]
[BlackElo "2158"]
[BlackCountry "POL"]
[BlackFideId "1159682"]
[BlackEloChange "5"]

1. Nf3 {[%clk 1:30:55]} Nf6 {[%clk 1:28:54]} 2. d4 {[%clk 1:31:21]} b5 {[%clk
1:28:50]} 3. e3 {[%clk 1:31:18]} a6 {[%clk 1:29:13]} 4. Bd3 {[%clk 1:29:23]} Bb7
{[%clk 1:29:37]} 5. Nbd2 {[%clk 1:25:36]} e6 {[%clk 1:22:25]} 6. c4 {[%clk
1:23:26]} bxc4 {[%clk 1:18:01]} 7. Nxc4 {[%clk 1:14:01]} c5 {[%clk 1:16:45]} 8.
dxc5 {[%clk 1:13:19]} Bxc5 {[%clk 1:17:07]} 9. O-O {[%clk 1:11:57]} O-O {[%clk
1:17:30]} 10. b4 {[%clk 1:10:17]} Bxb4 {[%clk 1:16:40]} 11. Rb1 {[%clk 1:08:35]}
Bxf3 {[%clk 1:17:00]} 12. Qxf3 {[%clk 1:08:43]} Nc6 {[%clk 1:17:27]} 13. Bb2
{[%clk 0:54:01]} Be7 {[%clk 1:11:33]} 14. Qh3 {[%clk 0:51:00]} h6 {[%clk
1:09:39]} 15. Rfd1 {[%clk 0:47:46]} d5 {[%clk 1:05:49]} 16. Ne5 {[%clk 0:47:42]}
Nxe5 {[%clk 1:06:01]} 17. Bxe5 {[%clk 0:47:55]} Nd7 {[%clk 1:06:23]} 18. Bf4
{[%clk 0:40:45]} Nc5 {[%clk 1:04:14]} 19. Bc2 {[%clk 0:40:40]} Bg5 {[%clk
1:04:37]} 20. Bxg5 {[%clk 0:36:33]} Qxg5 {[%clk 1:04:16]} 21. Rb4 {[%clk
0:29:26]} Rab8 {[%clk 1:02:20]} 22. Rg4 {[%clk 0:29:45]} Qf6 {[%clk 1:02:46]} 23.
Rf4 {[%clk 0:29:14]} Qb2 {[%clk 1:03:11]} 24. Ba4 {[%clk 0:25:02]} Nxa4 {[%clk
1:03:25]} 25. Rxa4 {[%clk 0:25:28]} Qc2 {[%clk 1:03:52]} 26. Rad4 {[%clk
0:24:55]} Rb1 {[%clk 1:04:21]} 27. Qf3 {[%clk 0:24:58]} Rfb8 {[%clk 1:04:48]} 28.
g4 {[%clk 0:24:32]} Rxd1+ {[%clk 1:05:10]} 29. Rxd1 {[%clk 0:24:50]} Rb1 {[%clk
1:05:38]} 30. Rxb1 {[%clk 0:25:00]} Qxb1+ {[%clk 1:06:03]} 31. Kg2 {[%clk
0:25:26]} Qxa2 {[%clk 1:04:24]} 32. Qf4 {[%clk 0:25:21]} Qb1 {[%clk 1:03:18]} 33.
Qc7 {[%clk 0:25:26]} Qe4+ {[%clk 1:03:21]} 34. Kg3 {[%clk 0:25:37]} Qc4 {[%clk
0:59:44]} 35. Qd8+ {[%clk 0:25:30]} Kh7 {[%clk 1:00:08]} 36. Qe7 {[%clk 0:25:41]}
f5 {[%clk 0:58:11]} 37. h3 {[%clk 0:25:08]} Qe4 {[%clk 0:51:59]} 38. Qa3 {[%clk
0:24:18]} d4 {[%clk 0:50:35]} 39. exd4 {[%clk 0:24:04]} f4+ {[%clk 0:51:00]} 40.
Kh2 {[%clk 0:54:26]} Qxd4 {[%clk 1:21:22]} 41. Kg2 {[%clk 0:54:37]} Qe4+ {[%clk
1:21:47]} 42. Kh2 {[%clk 0:54:29]} f3 {[%clk 1:20:05]} 43. Kg3 {[%clk 0:53:31]}
e5 {[%clk 1:20:10]} 44. Qb3 {[%clk 0:52:39]} Qf4+ {[%clk 1:20:02]} 45. Kh4 {[%clk
0:52:55]} a5 {[%clk 1:19:33]} 46. Qd5 {[%clk 0:49:14]} a4 {[%clk 1:18:35]} 47.
Qd7 {[%clk 0:49:33]} a3 {[%clk 1:18:09]} 48. Qe8 {[%clk 0:50:00]} g5+ {[%clk
1:18:17]} 49. Kh5 {[%clk 0:50:18]} Qf6 {[%clk 1:18:40]} 50. h4 {[%clk 0:47:10]}
gxh4 {[%clk 1:19:03]} 51. Qd7+ {[%clk 0:47:32]} Kg8 {[%clk 1:19:31]} 52. Qe8+
{[%clk 0:44:30]} Kg7 {[%clk 1:19:55]} 0-1

[Event "U20 Polish Youth Championship"]
[Site "Ustron"]
[Date "2019.11.28"]
[Round "7"]
[White "Leskiewicz, Ignacy"]
[Black "Hasterok, Mateusz"]
[Result "1-0"]
[Board "16"]
[WhiteElo "2138"]
[WhiteCountry "POL"]
[WhiteFideId "1185870"]
[WhiteEloChange "7"]
[BlackElo "2018"]
[BlackCountry "POL"]
[BlackFideId "21822352"]
[BlackEloChange "-7"]

1. e4 {[%clk 1:26:26]} c5 {[%clk 1:30:53]} 2. Nf3 {[%clk 1:26:43]} Nc6 {[%clk
1:31:20]} 3. d4 {[%clk 1:27:00]} cxd4 {[%clk 1:31:45]} 4. Nxd4 {[%clk 1:27:25]}
e6 {[%clk 1:32:12]} 5. Nc3 {[%clk 1:23:16]} a6 {[%clk 1:32:37]} 6. g3 {[%clk
1:20:43]} d6 {[%clk 1:30:57]} 7. Bg2 {[%clk 1:20:46]} Bd7 {[%clk 1:31:22]} 8. O-O
{[%clk 1:16:47]} Nf6 {[%clk 1:30:29]} 9. Nxc6 {[%clk 1:10:56]} Bxc6 {[%clk
1:30:45]} 10. Bf4 {[%clk 0:38:16]} Be7 {[%clk 1:28:08]} 11. Qd3 {[%clk 0:35:43]}
Qc7 {[%clk 1:21:57]} 12. Rfd1 {[%clk 0:33:40]} Rd8 {[%clk 1:20:27]} 13. a4 {[%clk
0:33:41]} O-O {[%clk 1:17:52]} 14. a5 {[%clk 0:29:05]} Ng4 {[%clk 1:09:15]} 15.
Qe2 {[%clk 0:27:17]} Ne5 {[%clk 1:07:52]} 16. Be3 {[%clk 0:18:41]} Nd7 {[%clk
1:05:22]} 17. b4 {[%clk 0:12:08]} Rc8 {[%clk 0:54:06]} 18. b5 {[%clk 0:11:20]}
axb5 {[%clk 0:54:12]} 19. Nxb5 {[%clk 0:11:49]} Bxb5 {[%clk 0:54:05]} 20. Qxb5
{[%clk 0:12:18]} Bf6 {[%clk 0:51:43]} 21. Rab1 {[%clk 0:11:24]} Ne5 {[%clk
0:50:01]} 22. Qb6 {[%clk 0:08:05]} Qxb6 {[%clk 0:43:08]} 23. Bxb6 {[%clk
0:07:33]} Rxc2 {[%clk 0:41:39]} 24. Rxd6 {[%clk 0:07:18]} Rfc8 {[%clk 0:41:16]}
25. h3 {[%clk 0:05:28]} g6 {[%clk 0:40:14]} 26. Rb5 {[%clk 0:01:49]} Ra2 {[%clk
0:38:12]} 27. Rd1 {[%clk 0:01:20]} Nc4 {[%clk 0:37:40]} 28. e5 {[%clk 0:01:11]}
Nxe5 {[%clk 0:33:50]} 29. Bxb7 {[%clk 0:01:31]} Rcc2 {[%clk 0:34:07]} 30. a6
{[%clk 0:01:14]} Nc4 {[%clk 0:34:16]} 31. Bc5 {[%clk 0:01:19]} Be7 {[%clk
0:31:37]} 32. Bxe7 {[%clk 0:01:02]} 1-0

[Event "U20 Polish Youth Championship"]
[Site "Ustron"]
[Date "2019.11.28"]
[Round "7"]
[White "Starosciak, Szymon"]
[Black "Dzwierzynski, Bartosz"]
[Result "1/2-1/2"]
[Board "17"]
[WhiteElo "1714"]
[WhiteCountry "POL"]
[WhiteFideId "21895848"]
[WhiteEloChange "8"]
[BlackElo "2065"]
[BlackCountry "POL"]
[BlackFideId "21812837"]
[BlackEloChange "-8"]

1. e4 {[%clk 1:30:58]} b6 {[%clk 1:28:24]} 2. d4 {[%clk 1:29:23]} Bb7 {[%clk
1:28:50]} 3. Nc3 {[%clk 1:28:39]} e6 {[%clk 1:29:17]} 4. Nf3 {[%clk 1:28:29]} Nf6
{[%clk 1:29:36]} 5. Bd3 {[%clk 1:17:21]} c5 {[%clk 1:25:54]} 6. O-O {[%clk
1:15:33]} d6 {[%clk 1:25:04]} 7. Bg5 {[%clk 0:59:54]} Be7 {[%clk 1:18:33]} 8.
dxc5 {[%clk 0:57:53]} bxc5 {[%clk 1:18:41]} 9. e5 {[%clk 0:56:35]} Nd5 {[%clk
1:12:59]} 10. Bxe7 {[%clk 0:55:27]} Qxe7 {[%clk 1:09:38]} 11. Nxd5 {[%clk
0:49:27]} exd5 {[%clk 1:09:41]} 12. exd6 {[%clk 0:49:49]} Qxd6 {[%clk 1:10:05]}
13. Re1+ {[%clk 0:48:45]} Kf8 {[%clk 1:10:32]} 14. Ng5 {[%clk 0:46:46]} h6 {[%clk
1:08:05]} 15. Nxf7 {[%clk 0:43:11]} Kxf7 {[%clk 0:50:07]} 16. Qh5+ {[%clk
0:41:37]} g6 {[%clk 0:50:29]} 17. Bxg6+ {[%clk 0:41:39]} Qxg6 {[%clk 0:50:46]}
18. Re7+ {[%clk 0:41:57]} Kxe7 {[%clk 0:51:13]} 19. Qxg6 {[%clk 0:42:20]} Nd7
{[%clk 0:51:17]} 20. Re1+ {[%clk 0:42:01]} Kd8 {[%clk 0:51:46]} 21. Qg7 {[%clk
0:29:14]} Kc7 {[%clk 0:51:24]} 22. Qg3+ {[%clk 0:29:24]} Kb6 {[%clk 0:49:41]} 23.
Qb3+ {[%clk 0:29:13]} Kc7 {[%clk 0:49:34]} 24. Qg3+ {[%clk 0:29:32]} Kb6 {[%clk
0:50:02]} 25. Qb3+ {[%clk 0:29:58]} Kc7 {[%clk 0:50:19]} 26. Qg3+ {[%clk
0:30:19]} Kb6 {[%clk 0:50:41]} 27. Qb3+ {[%clk 0:30:43]} Kc7 {[%clk 0:51:04]} 28.
Qg3+ {[%clk 0:31:08]} Kb6 {[%clk 0:51:28]} 29. Qb3+ {[%clk 0:31:32]} Kc7 {[%clk
0:51:54]} 30. Qg3+ {[%clk 0:31:57]} 1/2-1/2

[Event "U20 Polish Youth Championship"]
[Site "Ustron"]
[Date "2019.11.28"]
[Round "7"]
[White "Koloczek, Maciej"]
[Black "Raclawicki, Kacper"]
[Result "1-0"]
[Board "18"]
[WhiteElo "1947"]
[WhiteCountry "POL"]
[WhiteFideId "1198785"]
[WhiteEloChange "7"]
[BlackElo "1854"]
[BlackCountry "POL"]
[BlackFideId "1174681"]
[BlackEloChange "-7"]

1. e4 {[%clk 1:30:57]} c5 {[%clk 1:27:15]} 2. Nf3 {[%clk 1:30:33]} d6 {[%clk
1:27:23]} 3. d4 {[%clk 1:30:49]} cxd4 {[%clk 1:27:36]} 4. Nxd4 {[%clk 1:31:06]}
Nf6 {[%clk 1:27:56]} 5. Nc3 {[%clk 1:31:28]} a6 {[%clk 1:27:53]} 6. Bg5 {[%clk
1:31:40]} e6 {[%clk 1:25:55]} 7. f4 {[%clk 1:31:52]} Be7 {[%clk 1:23:05]} 8. Qf3
{[%clk 1:32:03]} Qc7 {[%clk 1:22:21]} 9. O-O-O {[%clk 1:31:50]} b5 {[%clk
1:15:31]} 10. Bxf6 {[%clk 1:21:55]} gxf6 {[%clk 1:11:05]} 11. e5 {[%clk 1:18:08]}
d5 {[%clk 1:06:13]} 12. exf6 {[%clk 1:13:48]} Bxf6 {[%clk 1:05:33]} 13. f5 {[%clk
1:13:05]} b4 {[%clk 0:58:44]} 14. fxe6 {[%clk 1:00:52]} Bg5+ {[%clk 0:41:09]} 15.
Kb1 {[%clk 1:00:18]} bxc3 {[%clk 0:36:34]} 16. Qxd5 {[%clk 1:00:31]} Qb6 {[%clk
0:26:19]} 17. Bb5+ {[%clk 0:58:47]} axb5 {[%clk 0:25:26]} 18. exf7+ {[%clk
0:57:12]} Kf8 {[%clk 0:25:22]} 19. Rhe1 {[%clk 0:55:57]} Bd7 {[%clk 0:20:52]} 20.
Qxg5 {[%clk 0:55:50]} 1-0

[Event "U20 Polish Youth Championship"]
[Site "Ustron"]
[Date "2019.11.28"]
[Round "7"]
[White "Sowinski, Pawel"]
[Black "Syrkiewicz, Michal"]
[Result "1/2-1/2"]
[Board "19"]
[WhiteElo "1605"]
[WhiteCountry "POL"]
[WhiteFideId "21881979"]
[WhiteEloChange "7"]
[BlackElo "1928"]
[BlackCountry "POL"]
[BlackFideId "21833494"]
[BlackEloChange "-7"]

1. e4 {[%clk 1:30:20]} c5 {[%clk 1:30:51]} 2. Nf3 {[%clk 1:30:44]} d6 {[%clk
1:31:16]} 3. d4 {[%clk 1:31:03]} cxd4 {[%clk 1:31:40]} 4. Nxd4 {[%clk 1:30:55]}
Nf6 {[%clk 1:31:49]} 5. f3 {[%clk 1:31:15]} e5 {[%clk 1:31:43]} 6. Bb5+ {[%clk
1:30:42]} Bd7 {[%clk 1:29:09]} 7. Bxd7+ {[%clk 1:31:04]} Qxd7 {[%clk 1:28:02]} 8.
Nf5 {[%clk 1:31:26]} d5 {[%clk 1:26:20]} 9. Bg5 {[%clk 1:31:52]} dxe4 {[%clk
1:21:06]} 10. Bxf6 {[%clk 1:32:13]} gxf6 {[%clk 1:20:28]} 11. fxe4 {[%clk
1:31:32]} Qxd1+ {[%clk 1:15:10]} 12. Kxd1 {[%clk 1:31:48]} Rg8 {[%clk 1:15:23]}
13. g3 {[%clk 1:31:39]} Nc6 {[%clk 1:14:19]} 14. Nc3 {[%clk 1:31:41]} Rd8+ {[%clk
1:11:51]} 15. Nd5 {[%clk 1:31:50]} Ne7 {[%clk 1:10:23]} 16. Nxe7 {[%clk 1:32:04]}
Bxe7 {[%clk 1:10:43]} 17. Ke2 {[%clk 1:20:37]} f5 {[%clk 0:59:24]} 18. Nxe7
{[%clk 1:15:27]} Kxe7 {[%clk 0:59:33]} 19. exf5 {[%clk 1:15:52]} Rg5 {[%clk
0:59:20]} 20. Rhf1 {[%clk 1:13:13]} Kf6 {[%clk 0:57:59]} 21. Rad1 {[%clk
1:12:40]} Rxd1 {[%clk 0:56:28]} 22. Rxd1 {[%clk 1:13:03]} Ke7 {[%clk 0:56:16]}
23. f6+ {[%clk 1:13:26]} Ke6 {[%clk 0:55:25]} 24. Rd8 {[%clk 1:13:42]} Rg6 {[%clk
0:52:58]} 25. Ra8 {[%clk 1:14:06]} a6 {[%clk 0:53:07]} 26. Ra7 {[%clk 1:14:32]}
Rxf6 {[%clk 0:53:15]} 27. Rxb7 {[%clk 1:14:54]} Kd5 {[%clk 0:53:37]} 28. c3
{[%clk 1:14:55]} Rh6 {[%clk 0:52:34]} 29. h4 {[%clk 1:14:32]} f5 {[%clk 0:51:55]}
30. Rd7+ {[%clk 1:11:54]} Ke4 {[%clk 0:51:15]} 31. c4 {[%clk 1:10:25]} f4 {[%clk
0:48:53]} 32. gxf4 {[%clk 1:07:59]} exf4 {[%clk 0:49:17]} 33. c5 {[%clk 1:03:44]}
Rxh4 {[%clk 0:47:34]} 34. c6 {[%clk 1:03:28]} Rh2+ {[%clk 0:47:54]} 35. Kd1
{[%clk 1:03:31]} Rh6 {[%clk 0:47:53]} 36. c7 {[%clk 1:03:03]} Rc6 {[%clk
0:48:03]} 37. Rxh7 {[%clk 1:03:20]} f3 {[%clk 0:44:31]} 38. Ke1 {[%clk 1:00:41]}
Ke3 {[%clk 0:43:56]} 39. Re7+ {[%clk 0:59:57]} Kf4 {[%clk 0:44:10]} 40. b4 {[%clk
1:28:43]} Rc1+ {[%clk 1:14:13]} 41. Kd2 {[%clk 1:28:39]} Rc6 {[%clk 1:14:11]} 42.
a4 {[%clk 1:26:17]} f2 {[%clk 1:13:22]} 43. b5 {[%clk 1:17:24]} axb5 {[%clk
1:13:43]} 44. axb5 {[%clk 1:16:48]} f1Q {[%clk 1:13:35]} 45. Rf7+ {[%clk
1:17:11]} Ke5 {[%clk 1:13:49]} 46. Rxf1 {[%clk 1:17:19]} Rxc7 {[%clk 1:14:12]}
47. Kd3 {[%clk 1:16:30]} Kd5 {[%clk 1:13:26]} 48. Rf5+ {[%clk 1:16:53]} Kd6
{[%clk 1:13:40]} 49. Kd4 {[%clk 1:17:12]} Rc1 {[%clk 1:13:52]} 50. Rd5+ {[%clk
1:16:53]} Kc7 {[%clk 1:13:28]} 51. Rc5+ {[%clk 1:17:18]} Rxc5 {[%clk 1:13:47]}
52. Kxc5 {[%clk 1:17:43]} Kb7 {[%clk 1:14:12]} 53. b6 {[%clk 1:17:45]} Kb8 {[%clk
1:14:29]} 54. Kb4 {[%clk 1:17:38]} Kb7 {[%clk 1:14:22]} 55. Kb5 {[%clk 1:17:50]}
Kb8 {[%clk 1:14:44]} 56. Ka6 {[%clk 1:18:18]} Ka8 {[%clk 1:15:37]} 57. Kb5 {[%clk
1:19:10]} Kb7 {[%clk 1:15:55]} 58. Kc5 {[%clk 1:19:36]} Kb8 {[%clk 1:16:18]}
1/2-1/2

[Event "U20 Polish Youth Championship"]
[Site "Ustron"]
[Date "2019.11.28"]
[Round "7"]
[White "Jeda, Maciej"]
[Black "Czernek, Tymon"]
[Result "1/2-1/2"]
[Board "20"]
[WhiteElo "1865"]
[WhiteCountry "POL"]
[WhiteFideId "21857679"]
[WhiteEloChange "6"]
[BlackElo "2097"]
[BlackCountry "POL"]
[BlackFideId "1199510"]
[BlackEloChange "-6"]

1. e4 {[%clk 1:30:58]} c5 {[%clk 1:30:55]} 2. Nf3 {[%clk 1:31:20]} Nc6 {[%clk
1:30:57]} 3. d4 {[%clk 1:31:41]} cxd4 {[%clk 1:31:22]} 4. Nxd4 {[%clk 1:32:00]}
Nf6 {[%clk 1:31:47]} 5. Nc3 {[%clk 1:32:20]} e5 {[%clk 1:32:11]} 6. Ndb5 {[%clk
1:32:37]} d6 {[%clk 1:32:35]} 7. Bg5 {[%clk 1:32:52]} a6 {[%clk 1:32:59]} 8. Na3
{[%clk 1:33:12]} b5 {[%clk 1:33:23]} 9. Nd5 {[%clk 1:33:33]} Be7 {[%clk 1:33:48]}
10. Bxf6 {[%clk 1:33:48]} Bxf6 {[%clk 1:34:13]} 11. c3 {[%clk 1:34:05]} Bg5
{[%clk 1:34:24]} 12. Nc2 {[%clk 1:34:17]} Rb8 {[%clk 1:34:41]} 13. Be2 {[%clk
1:32:12]} O-O {[%clk 1:34:12]} 14. O-O {[%clk 1:32:01]} Be6 {[%clk 1:31:14]} 15.
Nce3 {[%clk 1:28:14]} g6 {[%clk 1:25:16]} 16. Kh1 {[%clk 1:09:00]} f5 {[%clk
1:20:42]} 17. exf5 {[%clk 1:08:41]} gxf5 {[%clk 1:21:03]} 18. f4 {[%clk 1:08:37]}
Bh6 {[%clk 1:19:59]} 19. a4 {[%clk 1:03:50]} Ne7 {[%clk 1:10:26]} 20. axb5 {[%clk
1:02:35]} axb5 {[%clk 1:09:36]} 21. Ra6 {[%clk 1:01:41]} Nxd5 {[%clk 1:03:18]}
22. Nxd5 {[%clk 1:02:02]} Bc8 {[%clk 1:03:06]} 23. Ra7 {[%clk 1:01:35]} Kh8
{[%clk 1:00:00]} 24. fxe5 {[%clk 0:45:59]} dxe5 {[%clk 0:56:20]} 25. Ne7 {[%clk
0:44:46]} Be3 {[%clk 0:49:10]} 26. Qxd8 {[%clk 0:44:03]} Rxd8 {[%clk 0:49:33]}
27. Rc7 {[%clk 0:42:57]} Bd7 {[%clk 0:47:13]} 28. Nd5 {[%clk 0:30:19]} Bg5 {[%clk
0:46:24]} 29. Nb4 {[%clk 0:24:41]} Be3 {[%clk 0:40:45]} 30. Nd5 {[%clk 0:24:16]}
Bg5 {[%clk 0:40:57]} 31. Nb4 {[%clk 0:24:38]} e4 {[%clk 0:25:56]} 32. g3 {[%clk
0:21:46]} Be7 {[%clk 0:21:42]} 33. Rd1 {[%clk 0:20:53]} Bxb4 {[%clk 0:20:57]} 34.
Rdxd7 {[%clk 0:20:44]} Rxd7 {[%clk 0:20:47]} 35. Rxd7 {[%clk 0:21:05]} Bf8 {[%clk
0:20:58]} 36. Rd5 {[%clk 0:19:46]} b4 {[%clk 0:21:20]} 37. Rxf5 {[%clk 0:18:22]}
bxc3 {[%clk 0:21:26]} 38. bxc3 {[%clk 0:18:43]} Bg7 {[%clk 0:21:48]} 39. Rb5
{[%clk 0:17:05]} Rxb5 {[%clk 0:19:53]} 40. Bxb5 {[%clk 0:47:26]} 1/2-1/2

[Event "U20 Polish Youth Championship"]
[Site "Ustron"]
[Date "2019.11.28"]
[Round "7"]
[White "Gardian, Adam"]
[Black "Turski, Bartlomiej"]
[Result "1/2-1/2"]
[Board "21"]
[WhiteElo "1835"]
[WhiteCountry "POL"]
[WhiteFideId "21831130"]
[WhiteEloChange "4"]
[BlackElo "1993"]
[BlackCountry "POL"]
[BlackFideId "21810567"]
[BlackEloChange "-4"]

1. Nf3 {[%clk 1:30:30]} Nf6 {[%clk 1:30:30]} 2. c4 {[%clk 1:29:28]} g6 {[%clk
1:30:24]} 3. Nc3 {[%clk 1:28:31]} Bg7 {[%clk 1:30:28]} 4. d4 {[%clk 1:28:35]} d6
{[%clk 1:29:52]} 5. Bg5 {[%clk 1:23:28]} O-O {[%clk 1:29:26]} 6. e3 {[%clk
1:23:28]} c5 {[%clk 1:29:40]} 7. Be2 {[%clk 1:23:28]} h6 {[%clk 1:26:36]} 8. Bh4
{[%clk 1:23:12]} g5 {[%clk 1:24:58]} 9. Bg3 {[%clk 1:23:32]} Nh5 {[%clk 1:24:58]}
10. O-O {[%clk 1:23:01]} f5 {[%clk 1:19:41]} 11. dxc5 {[%clk 1:12:18]} Nxg3
{[%clk 1:18:49]} 12. hxg3 {[%clk 1:12:23]} dxc5 {[%clk 1:19:08]} 13. Qc2 {[%clk
1:01:12]} e6 {[%clk 1:07:48]} 14. Rfd1 {[%clk 0:59:38]} Qe7 {[%clk 1:07:47]} 15.
g4 {[%clk 0:56:58]} Nc6 {[%clk 0:56:10]} 16. Rd2 {[%clk 0:54:58]} Nb4 {[%clk
0:43:05]} 17. Qb3 {[%clk 0:53:50]} fxg4 {[%clk 0:28:33]} 18. Nh2 {[%clk 0:51:35]}
h5 {[%clk 0:28:16]} 19. Rad1 {[%clk 0:52:00]} Qf7 {[%clk 0:13:09]} 20. Bf1 {[%clk
0:49:59]} Be5 {[%clk 0:11:14]} 21. Ne4 {[%clk 0:49:47]} Qf5 {[%clk 0:05:39]} 22.
Bd3 {[%clk 0:43:31]} Nxd3 {[%clk 0:04:46]} 23. Qxd3 {[%clk 0:43:31]} b6 {[%clk
0:03:21]} 24. Nf1 {[%clk 0:41:50]} Bb7 {[%clk 0:02:17]} 25. Nfg3 {[%clk 0:39:08]}
Bxe4 {[%clk 0:00:53]} 26. Nxe4 {[%clk 0:39:27]} h4 27. Nc3 {[%clk 0:35:00]} Qxd3
28. Rxd3 {[%clk 0:35:00]} Bxc3 29. bxc3 {[%clk 0:28:54]} Rf7 30. Rd6 {[%clk
0:29:03]} Re7 31. a4 {[%clk 0:25:44]} Kf7 32. a5 {[%clk 0:23:38]} bxa5 33. Rc6
{[%clk 0:23:52]} Rb8 34. Rxc5 {[%clk 0:22:28]} Kf6 35. Rxa5 {[%clk 0:20:01]} Rb3
36. Rd4 {[%clk 0:11:04]} g3 37. fxg3 {[%clk 0:11:23]} hxg3 38. Kf1 {[%clk
0:11:43]} Rxc3 39. Ke2 {[%clk 0:11:46]} e5 40. Rg4 {[%clk 0:12:06]} Rc7 41. Kf3
{[%clk 0:12:26]} 1/2-1/2

[Event "U20 Polish Youth Championship"]
[Site "Ustron"]
[Date "2019.11.28"]
[Round "7"]
[White "Stachecki, Mikolaj"]
[Black "Janeczko, Jakub"]
[Result "1-0"]
[Board "23"]
[WhiteElo "1901"]
[WhiteCountry "POL"]
[WhiteFideId "21838810"]
[WhiteEloChange "8"]
[BlackElo "1839"]
[BlackCountry "POL"]
[BlackFideId "21871655"]
[BlackEloChange "-8"]

1. e4 {[%clk 1:30:58]} c5 {[%clk 1:30:56]} 2. Nf3 {[%clk 1:31:22]} Nc6 {[%clk
1:31:20]} 3. d4 {[%clk 1:31:46]} cxd4 {[%clk 1:31:46]} 4. Nxd4 {[%clk 1:32:11]}
Nf6 {[%clk 1:32:12]} 5. Nc3 {[%clk 1:32:34]} e5 {[%clk 1:32:39]} 6. Ndb5 {[%clk
1:32:58]} d6 {[%clk 1:33:04]} 7. Bg5 {[%clk 1:33:14]} a6 {[%clk 1:33:30]} 8. Na3
{[%clk 1:33:38]} b5 {[%clk 1:33:57]} 9. Bxf6 {[%clk 1:34:02]} gxf6 {[%clk
1:34:25]} 10. Nd5 {[%clk 1:34:21]} Bg7 {[%clk 1:34:50]} 11. Bd3 {[%clk 1:34:42]}
Ne7 {[%clk 1:33:57]} 12. Nxe7 {[%clk 1:35:06]} Qxe7 {[%clk 1:34:25]} 13. c4
{[%clk 1:35:22]} f5 {[%clk 1:33:42]} 14. O-O {[%clk 1:34:31]} O-O {[%clk
1:05:16]} 15. Qh5 {[%clk 1:34:28]} bxc4 {[%clk 0:56:27]} 16. Nxc4 {[%clk
1:30:21]} f4 {[%clk 0:56:12]} 17. g3 {[%clk 1:16:27]} Be6 {[%clk 0:41:09]} 18.
Rfe1 {[%clk 1:04:19]} fxg3 {[%clk 0:37:07]} 19. hxg3 {[%clk 1:04:18]} Bxc4 {[%clk
0:34:14]} 20. Bxc4 {[%clk 1:04:44]} Rfc8 {[%clk 0:34:06]} 21. b3 {[%clk 1:04:08]}
a5 {[%clk 0:33:34]} 22. a4 {[%clk 1:04:16]} h6 {[%clk 0:32:53]} 23. Re3 {[%clk
0:56:39]} Ra7 {[%clk 0:31:31]} 24. Rf3 {[%clk 0:54:41]} Rf8 {[%clk 0:31:54]} 25.
Kg2 {[%clk 0:30:13]} Kh8 {[%clk 0:28:40]} 26. Rh1 {[%clk 0:28:49]} f6 {[%clk
0:26:13]} 27. g4 {[%clk 0:25:55]} Rd8 {[%clk 0:23:00]} 28. Rfh3 {[%clk 0:23:58]}
d5 {[%clk 0:20:02]} 29. Bxd5 {[%clk 0:23:01]} Rxd5 {[%clk 0:20:31]} 30. exd5
{[%clk 0:22:47]} Qd7 {[%clk 0:20:51]} 31. Rd3 {[%clk 0:21:32]} e4 {[%clk
0:21:07]} 32. Re3 {[%clk 0:20:15]} Qd6 {[%clk 0:20:58]} 33. Rxe4 {[%clk 0:17:10]}
Re7 {[%clk 0:21:27]} 34. Rxe7 {[%clk 0:17:26]} Qxe7 {[%clk 0:21:55]} 35. Qf5
{[%clk 0:17:29]} Qd6 {[%clk 0:22:23]} 36. Rc1 {[%clk 0:16:12]} 1-0

[Event "U20 Polish Youth Championship"]
[Site "Ustron"]
[Date "2019.11.29"]
[Round "8"]
[White "Zylka, Stanislaw"]
[Black "Teclaf, Pawel"]
[Result "1/2-1/2"]
[Board "1"]
[WhiteElo "2333"]
[WhiteTitle "FM"]
[WhiteCountry "POL"]
[WhiteFideId "1189654"]
[WhiteEloChange "3"]
[BlackElo "2427"]
[BlackTitle "IM"]
[BlackCountry "POL"]
[BlackFideId "1185934"]
[BlackEloChange "-1"]

1. e4 {[%clk 1:30:57]} e6 {[%clk 1:30:56]} 2. d4 {[%clk 1:31:19]} d5 {[%clk
1:31:23]} 3. Nd2 {[%clk 1:31:35]} Be7 {[%clk 1:29:11]} 4. Ngf3 {[%clk 1:31:13]}
Nf6 {[%clk 1:28:41]} 5. e5 {[%clk 1:31:36]} Nfd7 {[%clk 1:28:54]} 6. Bd3 {[%clk
1:31:54]} c5 {[%clk 1:27:22]} 7. c3 {[%clk 1:32:17]} b6 {[%clk 1:26:14]} 8. O-O
{[%clk 1:29:40]} Ba6 {[%clk 1:25:37]} 9. Bxa6 {[%clk 1:29:47]} Nxa6 {[%clk
1:26:02]} 10. Re1 {[%clk 1:28:28]} b5 {[%clk 1:15:05]} 11. dxc5 {[%clk 1:27:09]}
Naxc5 {[%clk 1:09:27]} 12. Nb3 {[%clk 1:27:20]} O-O {[%clk 0:53:25]} 13. Nfd4
{[%clk 1:25:55]} Qb6 {[%clk 0:52:26]} 14. Be3 {[%clk 1:15:05]} Nxb3 {[%clk
0:42:14]} 15. axb3 {[%clk 1:08:47]} Nxe5 {[%clk 0:38:19]} 16. Nf5 {[%clk
1:08:00]} Qb7 {[%clk 0:37:07]} 17. Nxe7+ {[%clk 1:07:38]} Qxe7 {[%clk 0:37:35]}
18. b4 {[%clk 1:06:54]} Rfc8 {[%clk 0:34:27]} 19. Bxa7 {[%clk 0:57:08]} Rxa7
{[%clk 0:33:44]} 20. Rxa7 {[%clk 0:55:22]} Qxa7 {[%clk 0:34:13]} 21. Rxe5 {[%clk
0:55:37]} Qa2 {[%clk 0:32:17]} 22. Qd2 {[%clk 0:48:58]} h6 {[%clk 0:28:48]} 23.
h3 {[%clk 0:48:18]} Ra8 {[%clk 0:28:14]} 24. Qe2 {[%clk 0:43:37]} Qc4 {[%clk
0:21:53]} 25. Qd2 {[%clk 0:27:59]} Ra1+ {[%clk 0:20:45]} 26. Re1 {[%clk 0:26:39]}
Ra2 {[%clk 0:19:00]} 27. Re3 {[%clk 0:21:34]} Qf4 {[%clk 0:16:28]} 28. Qc1 {[%clk
0:18:20]} h5 {[%clk 0:14:29]} 29. Qb1 {[%clk 0:17:19]} Ra8 {[%clk 0:14:14]} 30.
g3 {[%clk 0:16:01]} Qc4 {[%clk 0:13:58]} 31. b3 {[%clk 0:15:52]} Qc6 {[%clk
0:13:15]} 32. Qd1 {[%clk 0:13:31]} g6 {[%clk 0:11:38]} 33. Qd4 {[%clk 0:12:16]}
1/2-1/2